Normal view
MARC view
Entry Topical Term
001 - CONTROL NUMBER
- control field: 1013
003 - CONTROL NUMBER IDENTIFIER
- control field: OSt
005 - DATE AND TIME OF LATEST TRANSACTION
- control field: 20140909155350.0
008 - FIXED-LENGTH DATA ELEMENTS
- fixed length control field: 140909|| aca||aabn | a|a d
040 ## - CATALOGING SOURCE
- Original cataloging agency: OSt
- Transcribing agency: OSt
150 ## - HEADING--TOPICAL TERM
- Topical term or geographic name entry element: Dividends
- Geographic subdivision: United States.
670 ## - SOURCE DATA FOUND
- Source citation: Work cat.: (OSt)386: Seabrooke, Leonard, 1974- 1012, US power in international finance :, 2001.
